000
00256 a2200085 4500
020
_a
9781032569888
100
_a
Stevens, N.J., Salmon, M.P., Walker, H.G., and Stanton, A.N.
245
_a
Human Factors in Land Use Planning and Design
260
_b
Routledge
_c
2023
999
_c
13188
_d
13188